000 01071nam a2200217Ia 4500
999 _c50769
_d50769
001 17721
003 GE_BSU
005 20250425153307.0
008 181216s2013||||ge |||||||||||||| ||geo||
020 _a9789941459399
040 _cGE_BSU
041 _ageo
080 _a712(075.8) კ-50
100 _aკილაძე, რ.
_924948
245 _aბაღ-პარკების მშენებლობა და ექსპლუატაცია :
_bდამხმარე სახელმძღვანელო სატყეო და საბაღო-საპარკო მეურნეობის სპეციალობის სტუდენტებისათვის /
_cრ.კილაძე; რედ.: ვ. ქობალია.
264 _aქუთაისი :
_bაწსუ,
_c2013.
300 _a240 გვ. ილ.22სმ.
300 _eბიბლ.გვ.238
653 _aბაღ-პარკების მშენებლობა და ექსპლუატაცია
942 _cBK
_2udc